000 00272nam a22001217a 4500
008 170714b xxu||||| |||| 00| 0 eng d
041 _aeng
080 _a616.34
100 _a09
101 _aSHM
245 _aCLINICS IN GASTROENTEROLOGY
_cWILLIAMS,J.A
942 _2udc
_cBK
999 _c20668
_d20668